Gaming Quiz

Random Gaming Quiz
Score 0/14 Timer 10:00
0 Plays Today
% Correct
Xemnas
98.6%
Roxas
95.8%
Axel
95.8%
Saix
91.5%
Marluxia
90.1%
Xaldin
88.7%
Xigbar
87.3%
% Correct
Demyx
85.9%
Larxene
85.9%
Luxord
83.1%
Xion
81.7%
Zexion
81.7%
Vexen
80.3%
Lexaeus
76.1%

You're not logged in!

Compare scores with friends on all Sporcle quizzes.
OR
Log In

Sporcle TV

Today on Sporcle TV


Watch our educational content, quiz creation guides, and fun videos on Sporcle TV.

Show Comments

Extras

Top Quizzes Today


Score Distribution

Paid Content

Your Account Isn't Verified!

In order to create a playlist on Sporcle, you need to verify the email address you used during registration. Go to your Sporcle Settings to finish the process.

Report this User

Report this user for behavior that violates our Community Guidelines.

Details: